[Event "Michigan Open Reserve"]
[Site "Lansing, MI"]
[Date "2001.09.01"]
[Round "2.23"]
[White "Lynem, Charles"]
[Black "Biondo, Anthony"]
[Result "1-0"]
[WhiteElo "1585"]
[BlackElo "1672"]
[PlyCount "90"]
[EventDate "2001.08.31"]

1. d4 d5 2. Nf3 e6 3. e3 Nf6 4. Bd3 c5 5. c3 Be7 6. dxc5 Bxc5 7. Nbd2 Nc6 8.
O-O Bd7 9. e4 O-O 10. e5 Ng4 11. Nb3 Bb6 12. Bxh7+ Kh8 13. Bc2 g6 14. Bg5 Qc7
15. h3 Ngxe5 16. Bf6+ Kg8 17. Ng5 Rfc8 18. h4 Be8 19. Nf3 Ng4 20. Bg5 Nce5 21.
Bf4 Nxf2 22. Rxf2 Bxf2+ 23. Kxf2 Qb6+ 24. Nfd4 Nc6 25. Be3 Qd8 26. Qg4 Ne5 27.
Qh3 Qf6+ 28. Ke2 Nc4 29. Rf1 Qg7 30. Bd1 e5 31. Nf3 Bb5 32. Kf2 Rc6 33. Rh1 e4
34. Nfd4 Rf6+ 35. Ke1 Bc6 36. Bg5 Rd6 37. Be7 Bd7 38. Qg3 Ra6 39. Nc5 Rxa2 40.
Nxd7 Nxb2 41. Rh3 Ra6 42. Qf4 f5 43. Bb3 Nd3+ 44. Rxd3 exd3 45. Bxd5+ Kh7 1-0

[Event "Michigan Open"]
[Site "Lansing, MI"]
[Date "2001.09.01"]
[Round "2.8"]
[White "Loo, James"]
[Black "Hamood, Al"]
[Result "1/2-1/2"]
[WhiteElo "1568"]
[BlackElo "1872"]
[PlyCount "90"]
[EventDate "2001.08.31"]

1. c4 Nf6 2. Nc3 g6 3. g3 Bg7 4. Bg2 O-O 5. Nf3 d6 6. O-O e5 7. d3 c6 8. Bg5 h6
9. Bd2 a5 10. Rb1 Re8 11. Ne1 Na6 12. a3 Nc7 13. b4 axb4 14. axb4 Be6 15. Qc1
Kh7 16. b5 Qd7 17. bxc6 bxc6 18. Rb6 d5 19. Qb2 Bh3 20. cxd5 cxd5 21. Rb7 Rec8
22. Nc2 Bxg2 23. Kxg2 d4 24. Ne4 Nxe4 25. dxe4 d3 26. Ne3 dxe2 27. Re1 Qd3 28.
Qc2 Qxc2 29. Nxc2 Ra2 30. Rc1 Ne6 31. Ne1 Rxc1 32. Bxc1 Nd4 33. Rb2 Ra1 34. Bd2
Bf8 35. f3 Rd1 36. Kf2 Ba3 37. Ra2 Bc5 38. Be3 Bb4 39. Bxd4 Rxe1 40. Bxe5 Rh1
41. Rxe2 Rxh2+ 42. Kf1 Rh5 43. Bf6 Rc5 44. Rb2 Rc1+ 45. Kg2 Bc3 1/2-1/2

[Event "Michigan Open Reserve"]
[Site "Lansing, MI"]
[Date "2001.09.01"]
[Round "2.8"]
[White "Livschitz, Louiza"]
[Black "Hubbell, William"]
[Result "1-0"]
[WhiteElo "1602"]
[BlackElo "1125"]
[PlyCount "53"]
[EventDate "2001.08.31"]

1. d4 d5 2. c4 e6 3. Nc3 Nf6 4. Bg5 c6 5. Nf3 Be7 6. e3 O-O 7. Bd3 Nfd7 8. Bxe7
Qxe7 9. O-O Nf6 10. Ne5 Bd7 11. f4 Na6 12. a3 c5 13. Rf3 cxd4 14. exd4 Nc7 15.
Rh3 g6 16. Qe1 Kh8 17. Qh4 Rae8 18. Nxd7 Nh5 19. Qxe7 Rxe7 20. Nxf8 Ne8 21.
cxd5 Kg7 22. Nxh7 Kxh7 23. Rxh5+ Kg7 24. Re5 Kf6 25. Rae1 Ng7 26. dxe6 Rxe6 27.
Nd5# 1-0

[Event "Michigan Open Reserve"]
[Site "Lansing, MI"]
[Date "2001.09.01"]
[Round "3.2"]
[White "LeMaster, Terry"]
[Black "Steen, Harold"]
[Result "1-0"]
[WhiteElo "1738"]
[BlackElo "1602"]
[PlyCount "69"]
[EventDate "2001.08.31"]

1. e4 c6 2. d4 d5 3. exd5 cxd5 4. Bd3 Nf6 5. Bf4 Nc6 6. c3 Bg4 7. Nf3 e6 8.
Nbd2 Bd6 9. Bg3 O-O 10. O-O e5 11. dxe5 Nxe5 12. Bxe5 Bxe5 13. Qc2 Bd6 14. Nd4
a6 15. N2f3 Qc7 16. a4 Rfe8 17. Rfe1 Rac8 18. h3 Bxf3 19. Nxf3 Qb6 20. Ng5 g6
21. Nf3 Nh5 22. Rad1 Nf4 23. Bf1 Bc5 24. g3 Ne6 25. Rxd5 Qc6 26. Red1 Qc7 27.
Kg2 b6 28. Bxa6 Ra8 29. Rd7 Qb8 30. Bb5 Rd8 31. Qe4 Ra7 32. Rxd8+ Nxd8 33. Qe8+
Kg7 34. Rxd8 Qc7 35. Rd7 1-0

[Event "Michigan Open Reserve"]
[Site "Lansing, MI"]
[Date "2001.09.01"]
[Round "2.3"]
[White "LeMaster, Terry"]
[Black "Moroney, Timothy"]
[Result "1-0"]
[WhiteElo "1738"]
[BlackElo "1581"]
[PlyCount "105"]
[EventDate "2001.08.31"]

1. e4 e5 2. Nf3 Nc6 3. Bb5 a6 4. Bxc6 dxc6 5. O-O Bg4 6. h3 h5 7. d3 Bc5 8.
hxg4 hxg4 9. g3 gxf3 10. Qxf3 Qf6 11. Nd2 O-O-O 12. Kg2 Kb8 13. Qxf6 Nxf6 14.
f3 Rh7 15. Rh1 Rxh1 16. Kxh1 Rh8+ 17. Kg2 Kc8 18. Nc4 Nd7 19. Bd2 f6 20. Rh1
Rxh1 21. Kxh1 Nb6 22. Ne3 Na4 23. b3 Bxe3 24. Bxe3 Nc3 25. a3 b6 26. a4 b5 27.
a5 Kd7 28. Kg2 Kd6 29. f4 Ne2 30. Kf3 Nd4+ 31. Bxd4 exd4 32. g4 g5 33. e5+ fxe5
34. fxg5 Ke6 35. Ke4 c5 36. g6 c6 37. g7 Kf7 38. Kxe5 Kxg7 39. Kd6 Kg6 40. Kxc5
Kg5 41. Kxd4 Kxg4 42. Kc5 Kf4 43. Kxc6 Ke3 44. c4 bxc4 45. dxc4 Kd4 46. c5 Kc3
47. Kb6 Kxb3 48. c6 Kc4 49. c7 Kb4 50. c8=Q Ka4 51. Kc5 Kxa5 52. Qb7 Ka4 53.
Qb4# 1-0

[Event "Michigan Open Reserve"]
[Site "Lansing, MI"]
[Date "2001.09.01"]
[Round "1.22"]
[White "Laurin, Edward"]
[Black "Schey, Danny"]
[Result "1/2-1/2"]
[WhiteElo "1551"]
[BlackElo "1717"]
[Annotator "Edward Laurin"]
[PlyCount "47"]
[EventDate "2001.08.31"]

1. e4 e5 2. Nf3 Nc6 3. Bc4 Nf6 4. O-O Bc5 5. d4 exd4 6. e5 d5 7. exf6 dxc4 8.
Re1+ Be6 9. Ng5 Qd5 10. Nc3 Qf5 11. Nce4 Bd6 12. g4 $2 {Nxf7 is the book line
move.} Qg6 13. Nxd6+ cxd6 14. f4 O-O-O 15. f5 Bxf5 16. gxf5 Qxf6 17. Qf3 Ne5
18. Qf2 d5 19. Rxe5 Qxe5 20. Nxf7 Qe4 21. Nxh8 Qg4+ 22. Qg2 Qd1+ 23. Qf1 Qg4+
24. Qg2 1/2-1/2

[Event "Michigan Open"]
[Site "Lansing, MI"]
[Date "2001.09.01"]
[Round "2.4"]
[White "LaForge, Tom"]
[Black "Gregg, Alan"]
[Result "1/2-1/2"]
[WhiteElo "1944"]
[BlackElo "2162"]
[PlyCount "42"]
[EventDate "2001.08.31"]

1. e4 e5 2. Bc4 Bc5 3. Nf3 Nc6 4. c3 Nf6 5. Qe2 O-O 6. b4 Bb6 7. O-O d6 8. d3
Bg4 9. h3 Bh5 10. Bg5 h6 11. Be3 Nb8 12. Nbd2 Nbd7 13. Rfd1 c6 14. Bb3 Bc7 15.
Nf1 d5 16. Ng3 Bg6 17. Nh4 Nxe4 18. dxe4 Qxh4 19. exd5 cxd5 20. Bxd5 Nb6 21.
Bxb7 Rad8 {Subsequent moves are unclear.} 1/2-1/2

[Event "Michigan Open Booster"]
[Site "Lansing, MI"]
[Date "2001.09.01"]
[Round "1.21"]
[White "Krivochenitser, Roman"]
[Black "Finegold, Spencer"]
[Result "0-1"]
[WhiteElo "1381"]
[BlackElo "1258"]
[PlyCount "52"]
[EventDate "2001.08.31"]

1. e4 c5 2. Nf3 Nc6 3. d4 cxd4 4. Nxd4 Nf6 5. Nc3 e5 6. Nde2 Bb4 7. Bd2 O-O 8.
Ng3 d6 9. Bc4 Bg4 10. Be2 Bxe2 11. Ncxe2 Bxd2+ 12. Qxd2 Qb6 13. O-O Rad8 14.
Qg5 h6 15. Qh4 Qxb2 16. Nf5 Qxc2 17. Neg3 d5 18. Nxg7 Nxe4 19. Rac1 Qxa2 20.
Qxh6 Nxg3 21. Rxc6 bxc6 22. Qg5 Ne4 23. Qh6 Qd2 24. f4 Qe3+ 25. Kh1 Nf2+ 26.
Rxf2 Qe1+ 0-1

[Event "Michigan Open Reserve"]
[Site "Lansing, MI"]
[Date "2001.09.01"]
[Round "2.13"]
[White "Kieliszewski, Greg"]
[Black "Grzegorczyk, Ron"]
[Result "1-0"]
[WhiteElo "1394"]
[BlackElo "1511"]
[PlyCount "115"]
[EventDate "2001.08.31"]

1. e4 c5 2. Nf3 Nc6 3. Bb5 a6 4. Bxc6 bxc6 5. O-O d6 6. Re1 e5 7. d3 Nf6 8. Bg5
Be7 9. Nbd2 O-O 10. h3 Be6 11. b3 Nd7 12. Be3 d5 13. exd5 cxd5 14. Nb1 Bf6 15.
c3 Re8 16. d4 cxd4 17. cxd4 e4 18. Nfd2 Qb6 19. Nf1 Rac8 20. Qd2 Rc6 21. Nc3
Rec8 22. Nxe4 dxe4 23. d5 Rc2 24. Qxc2 Rxc2 25. Bxb6 Bxa1 26. dxe6 Nxb6 27.
exf7+ Kxf7 28. Rxa1 Nd5 29. a3 Nc3 30. Ne3 Rb2 31. b4 Ne2+ 32. Kf1 Nf4 33. Nc4
Rc2 34. Nd6+ Ke6 35. Nxe4 Kf5 36. Ng3+ Kg6 37. Ne4 Kf5 38. Nc5 a5 39. Na6 Nd3
40. bxa5 Rxf2+ 41. Kg1 Re2 42. Nb4 Nf4 43. Rf1 Rxg2+ 44. Kh1 Rd2 45. a6 Rd7 46.
Rf3 Kg5 47. Nc6 Rd1+ 48. Kh2 Rd2+ 49. Kg1 Rd1+ 50. Kf2 Rd2+ 51. Ke1 Re2+ 52.
Kd1 Re8 53. a7 Nd5 54. Rb3 Kf4 55. Rb8 Re3 56. a8=Q Nc3+ 57. Kc2 g5 58. Rf8+
1-0

[Event "Michigan Open Reserve"]
[Site "Lansing, MI"]
[Date "2001.09.01"]
[Round "3.4"]
[White "Katsuhara, Osamu"]
[Black "Schey, Danny"]
[Result "0-1"]
[WhiteElo "1308"]
[BlackElo "1717"]
[PlyCount "30"]
[EventDate "2001.08.31"]

1. e4 c5 2. Nf3 Nc6 3. d4 cxd4 4. Nxd4 g6 5. Bc4 Bg7 6. Be3 Nf6 7. Nc3 Qa5 8.
Qd2 Ng4 9. Nxc6 bxc6 10. Bd4 e5 11. Be3 Nxe3 12. Qxe3 Rb8 13. Rb1 Rb4 14. Bb3
Ba6 15. Ne2 Rxe4+ 0-1

[Event "Michigan Open"]
[Site "Lansing, MI"]
[Date "2001.09.01"]
[Round "3.6"]
[White "Karpf, Ari"]
[Black "LaForge, Tom"]
[Result "1-0"]
[WhiteElo "2139"]
[BlackElo "1944"]
[PlyCount "45"]
[EventDate "2001.08.31"]

1. e4 e6 2. d4 d5 3. Nc3 Be7 4. Nf3 Nf6 5. Bd3 b6 6. e5 Nfd7 7. Ne2 Ba6 8. O-O
O-O 9. Ne1 c5 10. c3 Bxd3 11. Qxd3 Nc6 12. f4 f6 13. Qh3 f5 14. g4 Qe8 15. gxf5
Rxf5 16. Ng3 Qg6 17. Ng2 Rff8 18. Be3 Nd8 19. f5 exf5 20. Nxf5 Bg5 21. Kh1 Ne6
22. Rf3 Rae8 23. Rg1 {Remainder Unknown} 1-0

[Event "Michigan Open Reserve"]
[Site "Lansing, MI"]
[Date "2001.09.01"]
[Round "2.9"]
[White "Kahn, Aaron"]
[Black "Homa, Seth"]
[Result "0-1"]
[WhiteElo "1474"]
[BlackElo "1551"]
[PlyCount "81"]
[EventDate "2001.08.31"]

1. e4 c5 2. Nf3 d6 3. c3 Nc6 4. d4 cxd4 5. cxd4 e6 6. Nc3 Nf6 7. Be2 Be7 8. O-O
O-O 9. a3 a6 10. Bg5 h6 11. Bh4 b5 12. b4 Bb7 13. Re1 Rc8 14. Rc1 Nb8 15. Bd3
Nbd7 16. Bg3 Nh5 17. e5 Nxg3 18. hxg3 d5 19. Bb1 Nb6 20. Qd3 g6 21. Nh2 Kg7 22.
Ne2 Rxc1 23. Rxc1 Nc4 24. Nf4 Qe8 25. Ng4 Rh8 26. Re1 h5 27. Nh2 Bg5 28. Nh3
Be7 29. g4 hxg4 30. Nxg4 Rh4 31. Qg3 Qh8 32. Nh2 Rxd4 33. Nf4 Qh6 34. Ne2 Rd2
35. Nf1 Bh4 36. Qc3 d4 37. Qh3 Rb2 38. Rd1 Rxe2 39. g3 Bg5 40. Qxh6+ Bxh6 41.
Rxd4 0-1

[Event "Michigan Open"]
[Site "Lansing, MI"]
[Date "2001.09.01"]
[Round "3.2"]
[White "Jarosz, Stan"]
[Black "Chobanyan, Sergei"]
[Result "1-0"]
[WhiteElo "2056"]
[BlackElo "2286"]
[PlyCount "91"]
[EventDate "2001.08.31"]

1. d4 Nf6 2. c4 g6 3. Nc3 d5 4. Nf3 Bg7 5. Bg5 Ne4 6. cxd5 Nxg5 7. Nxg5 e6 8.
Nf3 exd5 9. e3 O-O 10. Bd3 c6 11. O-O Nd7 12. Rc1 f5 13. g3 Qe7 14. a3 Nf6 15.
b4 Ne4 16. Qb3 Kh8 17. Rfe1 g5 18. b5 Bd7 19. bxc6 bxc6 20. Qb4 Qf7 21. Ne5 Qe6
22. Nxd7 Qxd7 23. Na4 Rab8 24. Nc5 Qf7 25. Qa5 f4 26. Nxe4 fxe3 27. fxe3 dxe4
28. Rf1 Qb3 29. Rc3 Rxf1+ 30. Bxf1 Qd1 31. Rxc6 Qf3 32. Qd2 Rb3 33. Rc3 Rxc3
34. Qxc3 g4 35. Be2 Qf5 36. Qc5 Qd7 37. Bb5 Qf7 38. Qc8+ Bf8 39. Qxg4 Qb3 40.
Qf4 Bxa3 41. Bf1 Qc3 42. Qxe4 Bc1 43. Bd3 Qe1+ 44. Kg2 Kg7 45. Qe7+ Kg8 46.
Bc4+ 1-0

[Event "Michigan Open Reserve"]
[Site "Lansing, MI"]
[Date "2001.09.01"]
[Round "3.17"]
[White "Hubbell, William"]
[Black "Cepeda, Diego"]
[Result "0-1"]
[WhiteElo "1128"]
[BlackElo "1532"]
[PlyCount "56"]
[EventDate "2001.08.31"]

1. b4 d5 2. b5 e5 3. e3 c5 4. c4 d4 5. d3 Nf6 6. e4 Be7 7. Nf3 Bg4 8. Nbd2 Nbd7
9. Be2 O-O 10. O-O h6 11. a3 a6 12. Rb1 Qc8 13. Qb3 a5 14. a4 Nh5 15. b6 Nf4
16. Bd1 Ra6 17. Qb5 Nxb6 18. Nxe5 Be2 19. Bxe2 Nxe2+ 20. Kh1 Nc3 21. Qb3 Nxb1
22. Nxb1 Qc7 23. Nf3 Nd7 24. g3 Bd6 25. Qa2 f5 26. Bd2 fxe4 27. dxe4 Rxf3 28.
Nc3 dxc3 0-1

[Event "Michigan Open Reserve"]
[Site "Lansing, MI"]
[Date "2001.09.01"]
[Round "3.15"]
[White "Homa, Seth"]
[Black "Vorhauer, Sam"]
[Result "0-1"]
[WhiteElo "1551"]
[BlackElo "1392"]
[PlyCount "96"]
[EventDate "2001.08.31"]

1. e4 e6 2. d4 d5 3. Nd2 dxe4 4. Nxe4 Nf6 5. Bg5 Be7 6. Nxf6+ Bxf6 7. Bxf6 Qxf6
8. Nf3 c6 9. Bd3 Nd7 10. O-O O-O 11. c3 Re8 12. Qc2 h6 13. Rfe1 b6 14. Be4 Bb7
15. Rad1 Qd8 16. Ne5 Nxe5 17. dxe5 Qc7 18. Bf3 Red8 19. Rd4 c5 20. Rf4 Rd7 21.
Bxb7 Qxb7 22. h3 Rad8 23. Rfe4 Qa6 24. Qb3 Rd2 25. c4 R8d3 26. Qb5 Qxb5 27.
cxb5 Rxb2 28. a4 Rdd2 29. Rf1 Rdc2 30. g4 Rd2 31. Kg2 Rbc2 32. Kg3 g5 33. Kf3
Rc3+ 34. Kg2 Rcd3 35. Rfe1 Kf8 36. Rc4 Ke7 37. Rce4 Rd4 38. R1e3 c4 39. Rxd4
Rxd4 40. Rc3 f6 41. exf6+ Kxf6 42. Kf3 Ke5 43. Ke3 Kd5 44. f3 e5 45. Ra3 Kc5
46. Ra2 c3 47. Ke2 Kb4 48. Ra1 c2 0-1

[Event "Michigan Open"]
[Site "Lansing, MI"]
[Date "2001.09.01"]
[Round "3.14"]
[White "Holmes, Zach"]
[Black "Garrison, Ray"]
[Result "0-1"]
[WhiteElo "1528"]
[BlackElo "1887"]
[PlyCount "66"]
[EventDate "2001.08.31"]

1. d4 f5 2. Nf3 g6 3. c4 Bg7 4. Nc3 d6 5. Bf4 Nc6 6. d5 Ne5 7. e3 Nf6 8. Nxe5
dxe5 9. Bxe5 O-O 10. Be2 a6 11. O-O Bh6 12. f4 Nd7 13. Qd3 c6 14. Rad1 Nxe5 15.
fxe5 Qb6 16. Rf3 Qxb2 17. Rd2 Qb6 18. Rd1 f4 19. Qd4 c5 20. Na4 Qa5 21. Nxc5
Bg4 22. Rf2 Bxe2 23. Rxe2 fxe3 24. Nxb7 Qb4 25. Nc5 Rf4 26. Ne4 Rc8 27. Rc1 Rf2
28. Ng3 Rxe2 29. Nxe2 Qd2 30. Qg4 Rf8 31. Rb1 Qxa2 32. Qe6+ Kh8 33. Re1 Qd2 0-1

[Event "Michigan Open Reserve"]
[Site "Lansing, MI"]
[Date "2001.09.01"]
[Round "2.14"]
[White "Holden, Anthony"]
[Black "Vorhauer, Sam"]
[Result "0-1"]
[WhiteElo "1503"]
[BlackElo "1392"]
[PlyCount "83"]
[EventDate "2001.08.31"]

1. d4 d5 2. e3 e6 3. Bd3 Bd6 4. f4 Nf6 5. Nd2 Nbd7 6. Ngf3 c5 7. c3 c4 8. Bc2
b5 9. Ne5 Bb7 10. h4 Ne4 11. g4 f6 12. Nxd7 Qxd7 13. Bxe4 dxe4 14. g5 f5 15. h5
O-O-O 16. b4 h6 17. a4 a6 18. axb5 axb5 19. g6 Qc6 20. Rh2 Kc7 21. Nb1 Ra8 22.
Ra5 Rxa5 23. bxa5 Ba6 24. Ra2 Ra8 25. Qc2 b4 26. Ra1 b3 27. Qf2 Be7 28. Ba3
Bxa3 29. Rxa3 Bb5 30. Qb2 Ba4 31. Ra1 Rxa5 32. Qa3 Qd6 33. Nd2 Qxa3 34. Rxa3 b2
35. Nb1 Kb6 36. Kd2 Kb5 37. Ke1 Bb3 38. Kd2 Rxa3 39. Nxa3+ Ka4 40. Nb1 Ba2 41.
Kc2 Bxb1+ 42. Kxb1 0-1

[Event "Michigan Open Reserve"]
[Site "Lansing, MI"]
[Date "2001.09.01"]
[Round "2.11"]
[White "Hodge, Larry"]
[Black "Aldrich, Justin"]
[Result "0-1"]
[WhiteElo "1449"]
[BlackElo "1525"]
[PlyCount "58"]
[EventDate "2001.08.31"]

1. d4 d5 2. c4 c6 3. Nc3 dxc4 4. e4 b5 5. Bd2 e6 6. Nf3 Nf6 7. Qc2 Nbd7 8. Be2
Nb6 9. a3 Be7 10. O-O O-O 11. Na2 Bb7 12. Be3 Qc7 13. h3 c5 14. Nc3 a6 15. Rfd1
cxd4 16. Rxd4 Bc5 17. Rd2 Bxe3 18. fxe3 Qc5 19. Nd4 Qg5 20. Bf3 Qxe3+ 21. Kf1
Rad8 22. Re1 Qf4 23. Ree2 Qe5 24. Qd1 Rd7 25. Nxe6 Qxe6 26. Rxd7 Nbxd7 27. Nd5
Ne5 28. Nxf6+ Qxf6 29. Rf2 Nd3 0-1

[Event "Michigan Open Reserve"]
[Site "Lansing, MI"]
[Date "2001.09.01"]
[Round "3.11"]
[White "Hershberger, Kent"]
[Black "Moore, Robert"]
[Result "1-0"]
[WhiteElo "1463"]
[BlackElo "1600"]
[PlyCount "103"]
[EventDate "2001.08.31"]

1. e4 c5 2. Nf3 d6 3. d4 cxd4 4. Nxd4 Nf6 5. Nc3 a6 6. Be2 e6 7. O-O Be7 8. Re1
Qc7 9. Qd3 O-O 10. Qg3 Kh8 11. f4 Nc6 12. Be3 Rg8 13. Nf3 Nh5 14. Ng5 Bxg5 15.
Qxg5 Nf6 16. Bd3 h6 17. Qh4 Ne7 18. e5 Nh7 19. exd6 Qxd6 20. Ne4 Qc7 21. Rad1
Nf5 22. Qf2 Qe7 23. Bc5 Qh4 24. Qxh4 Nxh4 25. Nd6 Rf8 26. Nc4 Re8 27. Nb6 e5
28. Nxa8 Bg4 29. Rd2 Rxa8 30. Bxh7 Kxh7 31. fxe5 Be6 32. a3 Ng6 33. Bd6 Rc8 34.
Re3 Nf4 35. Rc3 Rd8 36. Rc7 b5 37. Ra7 Bc8 38. Rxf7 Ng6 39. Re2 Be6 40. Rb7 Ra8
41. Rb8 Ra7 42. Re3 Rf7 43. Rf3 Ra7 44. Rc3 Nf4 45. Rc7 Rxc7 46. Bxc7 Ne2+ 47.
Kf2 Nd4 48. c3 Nb3 49. Rb6 Nc5 50. Rc6 Nd3+ 51. Ke3 Bc4 52. e6 1-0

[Event "Michigan Open"]
[Site "Lansing, MI"]
[Date "2001.09.01"]
[Round "2.26"]
[White "Henke, Richard"]
[Black "Vandivier, Don"]
[Result "1-0"]
[WhiteElo "1852"]
[BlackElo "1860"]
[PlyCount "89"]
[EventDate "2001.08.31"]

1. c4 e5 2. g3 Nf6 3. Bg2 Nc6 4. Nc3 Bc5 5. e3 O-O 6. Nge2 d6 7. O-O Be6 8. d4
exd4 9. exd4 Nxd4 10. Nxd4 Bxc4 11. Re1 c6 12. Nc2 Qb6 13. Ne3 Bxe3 14. Rxe3 d5
15. Na4 Qb4 16. a3 Qd6 17. Re1 Rfe8 18. Bf4 Qf8 19. Qd2 b6 20. b4 Re6 21. Nb2
b5 22. Rxe6 fxe6 23. Re1 Re8 24. Nd3 Bxd3 25. Qxd3 Qf7 26. Be5 Ng4 27. f4 g5
28. h3 Nxe5 29. fxe5 Qc7 30. Qe3 h6 31. Rf1 Rf8 32. Rxf8+ Kxf8 33. Qf3+ Qf7 34.
Kf2 Ke7 35. Qxf7+ Kxf7 36. Ke3 Ke7 37. Kd4 Kd7 38. Kc5 g4 39. hxg4 Kc7 40. Bf3
Kd7 41. g5 hxg5 42. Bg4 a6 43. Bh3 Ke7 44. Kxc6 d4 45. Bf1 1-0

[Event "Michigan Open Reserve"]
[Site "Lansing, MI"]
[Date "2001.09.01"]
[Round "3.21"]
[White "Hazzard, Bill"]
[Black "Hodge, Larry"]
[Result "1-0"]
[WhiteElo "1520"]
[BlackElo "1449"]
[PlyCount "39"]
[EventDate "2001.08.31"]

1. d4 d5 2. c4 c6 3. Nf3 Nf6 4. Nc3 Bg4 5. Qc2 e6 6. g3 Bf5 7. Qb3 b6 8. Bg2
Nbd7 9. O-O Be7 10. Re1 O-O 11. Nh4 Ne4 12. Nxf5 exf5 13. cxd5 cxd5 14. Nxd5
Rc8 15. Nxe7+ Qxe7 16. f3 Nd6 17. e4 fxe4 18. fxe4 Kh8 19. Bd2 Nc4 20. Bb4 1-0

[Event "Michigan Open Reserve"]
[Site "Lansing, MI"]
[Date "2001.09.01"]
[Round "2.12"]
[White "Hazzard, Bill"]
[Black "Hershberger, Kent"]
[Result "0-1"]
[WhiteElo "1520"]
[BlackElo "1463"]
[PlyCount "88"]
[EventDate "2001.08.31"]

1. e4 e5 2. f4 exf4 3. Nf3 g5 4. Bc4 Bg7 5. d4 d6 6. O-O g4 7. c3 gxf3 8. Qxf3
Be6 9. Bxe6 fxe6 10. Qh5+ Kd7 11. Bxf4 Nf6 12. Qb5+ Kc8 13. Nd2 Qd7 14. Qc4 Nc6
15. d5 exd5 16. exd5 Ne7 17. Rad1 Nexd5 18. Ne4 Qc6 19. Qd3 Kd7 20. Nxf6+ Nxf6
21. Qf5+ Ke7 22. Rde1+ Kf7 23. Bg5 Qc5+ 24. Qxc5 dxc5 25. Rf5 Rae8 26. Ref1 Re6
27. Rxc5 c6 28. Rcf5 Rhe8 29. Bf4 Re2 30. g4 Kg8 31. h3 Nd5 32. h4 R8e4 33. g5
Nxf4 34. R5xf4 Rxf4 35. Rxf4 Rxb2 36. h5 Rxa2 37. Re4 Kf7 38. Rf4+ Ke6 39. g6
hxg6 40. hxg6 Bxc3 41. Rf7 b5 42. Rc7 Bd4+ 43. Kh1 Rc2 44. Rxa7 Bxa7 0-1

[Event "Michigan Open"]
[Site "Lansing, MI"]
[Date "2001.09.01"]
[Round "3.9"]
[White "Hamood, Al"]
[Black "Mankiewicz, Ryan"]
[Result "1-0"]
[WhiteElo "1872"]
[BlackElo "2095"]
[PlyCount "93"]
[EventDate "2001.08.31"]

1. e4 d6 2. d4 Nf6 3. Nc3 g6 4. Nf3 Bg7 5. Be2 O-O 6. O-O Bg4 7. Be3 Nc6 8. Qd2
Bxf3 9. Bxf3 e5 10. dxe5 Nxe5 11. Be2 Re8 12. f3 a6 13. a4 Qd7 14. Rfd1 Qc6 15.
Ra3 Nc4 16. Bxc4 Qxc4 17. a5 Qc6 18. Bd4 Rad8 19. Rb3 Rd7 20. Ra1 Qc4 21. Ra4
Qe6 22. Rxb7 c5 23. Rxd7 cxd4 24. Rc7 dxc3 25. Rxc3 d5 26. exd5 Qxd5 27. Qxd5
Nxd5 28. Rd3 Nc7 29. b3 Ne6 30. Rc4 Bf8 31. b4 Ra8 32. c3 Be7 33. Rc6 Kf8 34.
Kf1 Ke8 35. g3 Bf8 36. Ke2 Be7 37. Kd2 h5 38. Kc2 h4 39. Kb3 h3 40. Ka4 Ng5 41.
c4 Rd8 42. Rxd8+ Bxd8 43. Rxa6 Nxf3 44. Rd6 Bc7 45. a6 Bb8 46. b5 Ke7 47. Rd3
1-0

[Event "Michigan Open"]
[Site "Lansing, MI"]
[Date "2001.09.01"]
[Round "2.5"]
[White "Hahn, David"]
[Black "Szczypka, Tom"]
[Result "1/2-1/2"]
[WhiteElo "2162"]
[BlackElo "1977"]
[PlyCount "156"]
[EventDate "2001.08.31"]

1. c4 c5 2. Nf3 Nf6 3. Nc3 g6 4. e3 d5 5. d4 cxd4 6. exd4 Bg7 7. Be2 O-O 8. O-O
dxc4 9. Bxc4 Bg4 10. Be3 Nbd7 11. h3 Bxf3 12. Qxf3 Nb6 13. Bb3 Qd7 14. d5 Nc8
15. Rad1 Nd6 16. Rfe1 b6 17. Bf4 Rac8 18. Qe2 Nh5 19. Bh2 Bf6 20. Be5 Bxe5 21.
Qxe5 Rc7 22. Ba4 Qd8 23. Nb5 Nxb5 24. Bxb5 Nf6 25. d6 Rc5 26. Qxc5 bxc5 27.
dxe7 Qb6 28. exf8=Q+ Kxf8 29. a4 a6 30. Bc4 Qxb2 31. Bxa6 Qc2 32. Bb5 Ne4 33.
Rf1 Nc3 34. Rd8+ Kg7 35. Rc8 Nxa4 36. Bxa4 Qxa4 37. Rxc5 Qd4 38. Rfc1 h5 39.
R5c4 Qd2 40. h4 Qe2 41. g3 Qd2 42. R1c3 Qd1+ 43. Kh2 Qe1 44. Rf3 Qe2 45. Rcf4
f5 46. Kg2 Qd2 47. Re3 Qd5+ 48. Kh2 Qd2 49. Re5 Qd1 50. Kg2 Qd6 51. Ra5 Qc6+
52. Kh2 Qc2 53. Raa4 Qd2 54. Rad4 Qc2 55. Rf3 Kf6 56. Rd6+ Kg7 57. Rf4 Qe2 58.
Kg2 Qe7 59. Rfd4 Qb7+ 60. R4d5 Qa8 61. Rd8 Qc6 62. R8d7+ Kf8 63. R7d6 Qc4 64.
Rd4 Qc3 65. Rf6+ Ke7 66. Rfd6 f4 67. gxf4 Qc2 68. R6d5 Qc6 69. Kg3 Qc3+ 70. Rd3
Qc1 71. Re5+ Kf7 72. Rd7+ Kf6 73. Rd6+ Kf7 74. Ree6 Qg1+ 75. Kf3 Qg4+ 76. Ke3
Qxh4 77. Rxg6 Qh1 78. Rdf6+ Ke7 1/2-1/2

[Event "Michigan Open Reserve"]
[Site "Lansing, MI"]
[Date "2001.09.01"]
[Round "1.26"]
[White "Guilfoyle, Jeff"]
[Black "Matias, I.C."]
[Result "0-1"]
[WhiteElo "1402"]
[BlackElo "1606"]
[PlyCount "66"]
[EventDate "2001.08.31"]

1. d4 Nf6 2. c4 e6 3. Nc3 Bb4 4. Bd2 d5 5. e3 c6 6. a3 Bd6 7. c5 Bc7 8. Nf3
Nbd7 9. Be2 O-O 10. O-O e5 11. dxe5 Nxe5 12. Nxe5 Bxe5 13. Rc1 Ne4 14. Nxe4
dxe4 15. Bc3 Qe7 16. Bxe5 Qxe5 17. b4 Be6 18. Qc2 Rad8 19. Rfd1 h5 20. Qc3
Rxd1+ 21. Bxd1 Qxc3 22. Rxc3 Rd8 23. Bc2 Rd2 24. h3 f5 25. Kf1 Kf7 26. Ke1 Rd8
27. Bb3 Bxb3 28. Rxb3 Ke6 29. Ke2 Kd5 30. f4 Kc4 31. Rb1 Rd3 32. Rd1 Rxd1 33.
Kxd1 Kd3 0-1

[Event "Michigan Open Reserve"]
[Site "Lansing, MI"]
[Date "2001.09.01"]
[Round "3.22"]
[White "Grzegorczyk, Ron"]
[Black "Wright, Eric"]
[Result "0-1"]
[WhiteElo "1511"]
[BlackElo "1448"]
[PlyCount "118"]
[EventDate "2001.08.31"]

1. e4 d6 2. d4 Nf6 3. Nc3 e5 4. dxe5 dxe5 5. Qxd8+ Kxd8 6. Nf3 Bd6 7. Bc4 Be6
8. Bxe6 fxe6 9. Bg5 Ke7 10. O-O-O Nbd7 11. Nd2 h6 12. Bh4 g5 13. Bg3 a6 14. a3
b5 15. f3 c6 16. h4 Bc5 17. Nb3 Bb6 18. Be1 g4 19. Ne2 Be3+ 20. Kb1 gxf3 21.
gxf3 Rhg8 22. Bd2 Bxd2 23. Rxd2 Rg2 24. Nec1 Rxd2 25. Nxd2 Rg8 26. Nd3 Nh5 27.
Rf1 Nf4 28. Nb4 Nb8 29. Nd3 Nd7 30. Nb4 Nb8 31. Nb3 Rg2 32. Nc5 a5 33. Nba6
Nxa6 34. Nxa6 Nh3 35. Nb8 Rg1 36. Nxc6+ Kf6 37. Rxg1 Nxg1 38. Nxa5 Nxf3 39. Nb3
Nxh4 40. Kc1 Nf3 41. Kd1 Kg5 42. Ke2 Kf4 43. Nc5 h5 44. b3 Nd4+ 45. Kd3 h4 46.
c3 h3 47. cxd4 h2 48. Nxe6+ Kg4 49. d5 h1=Q 50. a4 Qf3+ 51. Kd2 Qxb3 52. axb5
Qxb5 53. Ke3 Qb3+ 54. Kd2 Kf3 55. Ng5+ Kf2 56. Ne6 Qe3+ 57. Kd1 Qc3 58. d6 Ke3
59. d7 Qd2# 0-1

[Event "Michigan Open Reserve"]
[Site "Lansing, MI"]
[Date "2001.09.01"]
[Round "2.4"]
[White "Griffin, John"]
[Black "West, Tony"]
[Result "0-1"]
[WhiteElo "1561"]
[BlackElo "1734"]
[PlyCount "62"]
[EventDate "2001.08.31"]

1. d4 d5 2. c4 e6 3. e3 Nf6 4. Nf3 Be7 5. Qc2 Nbd7 6. Bd3 h6 7. b3 O-O 8. Nc3
c5 9. cxd5 exd5 10. O-O a6 11. Bb2 b5 12. Rfd1 c4 13. bxc4 dxc4 14. Be2 Bb7 15.
a3 Re8 16. Rac1 Bf8 17. Ne5 Qc7 18. Bf3 Nxe5 19. Bxb7 Qxb7 20. dxe5 Rxe5 21.
Ne2 Rg5 22. g3 Ng4 23. h4 Rg6 24. Nf4 Nxe3 25. Qe2 Nxd1 26. Nxg6 Nxb2 27. Nxf8
Nd3 28. Rc3 Kxf8 29. a4 Re8 30. Qa2 Re1+ 31. Kh2 Rh1# 0-1

[Event "Michigan Open"]
[Site "Lansing, MI"]
[Date "2001.09.01"]
[Round "3.5"]
[White "Gregg, Alan"]
[Black "Smith, Walt"]
[Result "1/2-1/2"]
[WhiteElo "2162"]
[BlackElo "1940"]
[PlyCount "58"]
[EventDate "2001.08.31"]

1. e4 c5 2. Nf3 Nc6 3. Nc3 Nf6 4. Be2 g6 5. d4 cxd4 6. Nxd4 d6 7. Be3 Bg7 8.
O-O O-O 9. Kh1 h5 10. f4 Ng4 11. Bg1 Nxd4 12. Bxd4 e5 13. Bg1 exf4 14. Rxf4 Bh6
15. Rf3 Ne5 16. Rf1 Be6 17. Nd5 Bxd5 18. Qxd5 Qe7 19. Rad1 Rfd8 20. c4 b6 21.
b3 Rac8 22. Qd4 Qe6 23. Qd5 Qxd5 24. Rxd5 Nc6 25. a3 Na5 26. Rd3 Nb7 27. Rfd1
Bf4 28. Bf3 Be5 29. Rd5 Nc5 1/2-1/2